Central Library OPAC University of Rajshahi

Insect pests of farm, garden, and orchard / (Record no. 14004)

MARC details
000 -LEADER
fixed length control field 00976cam a22003011 4500
001 - CONTROL NUMBER
control field 14004
003 - CONTROL NUMBER IDENTIFIER
rucl marc code BD-RjUL
005 - DATE AND TIME OF LATEST TRANSACTION
control field 20211208235544.0
008 - FIXED-LENGTH DATA ELEMENTS--GENERAL INFORMATION
fixed length control field 140203s1966 nyua b 001 0 eng
035 ## - SYSTEM CONTROL NUMBER
System control number (BD-RjUL)14056
040 ## - CATALOGING SOURCE
Original cataloging agency DLC
Transcribing agency DLC
Modifying agency BD-RjUL
Language of cataloging eng
041 ## - LANGUAGE CODE
Language code of text/sound track or separate title eng
082 00 - DEWEY DECIMAL CLASSIFICATION NUMBER
Classification number 632.7
Author mark and year DAI 1966
100 1# - MAIN ENTRY--PERSONAL NAME
Personal name Peairs, Leonard Marion,
Dates associated with a name 1886-
9 (RLIN) 43775
245 10 - TITLE STATEMENT
Title Insect pests of farm, garden, and orchard /
Statement of responsibility, etc. Ralph Howard Davidson and Leonard Marion Peairs.
250 ## - EDITION STATEMENT
Edition statement 6th ed.
260 ## - PUBLICATION, DISTRIBUTION, ETC. (IMPRINT)
Place of publication, distribution, etc. New York :
Name of publisher, distributor, etc. Wiley,
Date of publication, distribution, etc. c1966.
300 ## - PHYSICAL DESCRIPTION
Pagination ix, 675 p. :
Illustrations illus. ;
Size 24 cm.
500 ## - GENERAL NOTE
General note Authors' names in reverse order in previous edition.
504 ## - BIBLIOGRAPHY, ETC. NOTE
Bibliography, etc Includes bibliographies and index.
650 #0 - SUBJECT ADDED ENTRY--TOPICAL TERM
Topical term or geographic name as entry element Insect pests.
9 (RLIN) 43776
Topical term or geographic name as entry element Insect pests
Geographic subdivision North America.
9 (RLIN) 43777
Topical term or geographic name as entry element Insect pests
General subdivision Control.
9 (RLIN) 38483
700 1# - ADDED ENTRY--PERSONAL NAME
Personal name Davidson, Ralph Howard,
Relator term joint author.
942 ## - ADDED ENTRY ELEMENTS (KOHA)
Source of classification or shelving scheme Dewey Decimal Classification
Koha item type Books
Holdings
Lost status Source of classification or shelving scheme Damaged status Not for loan Collection code Permanent Location Current Location Shelving location Date acquired Source of acquisition Cost, normal purchase price Total Checkouts Full call number Date last seen Copy number Koha item type Coded location qualifier
  Dewey Decimal Classification     Non-fiction Central Library, University of Rajshahi Central Library, University of Rajshahi   27/08/1968 Zeitlinger 164.00   632.7 DAI 1966 03/02/2014 C-6 Books  
  Dewey Decimal Classification   Not For Loan Non-fiction Central Library, University of Rajshahi Central Library, University of Rajshahi Reading Room 18/05/1968 Casto Aid.     632.7 DAI 1966 05/02/2014 C-1 Books  
  Dewey Decimal Classification     Non-fiction Central Library, University of Rajshahi Central Library, University of Rajshahi   27/08/1968 Zeitlinger 164.00   632.7 DAI 1966 05/02/2014 C-3 Books  
  Dewey Decimal Classification     Non-fiction Central Library, University of Rajshahi Central Library, University of Rajshahi   27/08/1968   164.00   632.7 DAI 1966 04/06/2017 C-2 Books Zeithinger
  Dewey Decimal Classification     Non-fiction Central Library, University of Rajshahi Central Library, University of Rajshahi   27/08/1968   164.00   632.7 DAI 1966 04/06/2017 C-4 Books Zeithinger
  Dewey Decimal Classification     Non-fiction Central Library, University of Rajshahi Central Library, University of Rajshahi   27/08/1968   164.00   632.7 DAI 1966 04/06/2017 C-5 Books Zeithinger